000 00353nam a22001457a 4500
020 _qHB.
040 _cFIZZA ISHAQ
082 _a628.331
_bFRA
100 _aSPELLMAN, R. FRANK.
_990400
245 _aWASTEWATER STABILIZATION PONDS /
_cFRANK R. SPELLMAN.
250 _a1st ED.
260 _bCRC PRESS,
_c2014.
300 _a325 P. ;
942 _2ddc
_cBK
999 _c588637
_d588637